000 01165 a2200157 4500
003 NUST
005 20230131135807.0
040 _cNust
082 _a941,MAU
100 _aMaurois, Andre
_950168
245 _aDisraeli :
_bA Picture of the Victorian Age /
_cAndre Maurois
260 _aLondon
_bJohn lane
_c1944
300 _a334 .;
505 _aPART-1: Two Generations (Page-1), Schools (Page-7) Brummell and Saint Ignatius (Page-16), Business (Page-24), Retreat (Page-37), Pilgrimage (Page-44), Doctrines (Page-51), The Conquest of London (Page-60), Independent (Page-70), Women (Page-78), The Badge of a Party (Page-85), M. P. (Page-92), PART-2: The Maiden Speech (Page-105), Weddings (Page-117), Mary Anne (Page-128), The Right Honourable Baronet (Page-135), Young England (Page-147), The Oak and the Reed (Page-156), Obstacles (Page-185), Mr. Gladstone’s Cruel Duty (Page-194), The Top of the Greasy Pole (Page-212), The Queen (Page-223), Mourning (Page-233), A Cloud of Grandmothers (Page-245), The Chief (Page-251), The Chief (Page-251), Action (Page-260), The Outer World (Page-307), his Favorite Flower (Page-317).
942 _2ddc
_cBK
_k941,MAU
999 _c193988
_d193988